书目信息 |
| 题名: |
实变函数论专题梳理与解读
|
|
| 作者: | 徐新亚 主编 | |
| 分册: | ||
| 出版信息: | 上海 同济大学出版社 2015.01 |
|
| 页数: | 201页 | |
| 开本: | 23cm | |
| 丛书名: | 面向21世纪普通高等教育规划教材及学习指导 | |
| 单 册: | ||
| 中图分类: | O174.1 | |
| 科图分类: | ||
| 主题词: | 实变函数论--shi bian han shu lun--高等学校--教学参考资料 | |
| 电子资源: | ||
| ISBN: | 978-7-5608-5752-7 | |
| 000 | 01077nam 2200277 450 | |
| 001 | CAL 007258276 | |
| 005 | 20150623153300.06 | |
| 010 | @a978-7-5608-5752-7@dCNY32.00 | |
| 100 | @a20150505d2015 em y0chiy50 ea | |
| 101 | 0 | @achi |
| 102 | @aCN@b310000 | |
| 105 | @ay a 000yy | |
| 106 | @ar | |
| 200 | 1 | @a实变函数论专题梳理与解读@Ashi bian han shu lun zhuan ti shu li yu jie du@f主编徐新亚 |
| 210 | @a上海@c同济大学出版社@d2015.01 | |
| 215 | @a201页@d23cm | |
| 225 | 2 | @a面向21世纪普通高等教育规划教材及学习指导@Amian xiang 21 shi ji pu tong gao deng jiao yu gui hua jiao cai ji xue xi zhi dao |
| 320 | @a有书目 (第201页) | |
| 330 | @a本书共分7章, 包括点集、可测集合、可测函数、Lebesgue积分、微分与不定积分等, 每一章由四个部分组成: 内容小结、要点分析、例题选讲、习题解答。 | |
| 410 | 0 | @12001 @a面向21世纪普通高等教育规划教材及学习指导 |
| 586 | @a | |
| 606 | 0 | @a实变函数论@Ashi bian han shu lun@x高等学校@j教学参考资料 |
| 690 | @aO174.1@v5 | |
| 701 | 0 | @a徐新亚@Axu xin ya@4主编 |
| 801 | 0 | @aCN@c20150820 |
| 905 | @a河南城建学院图书馆@dO174.1@eX8201@f3 | |
| 实变函数论专题梳理与解读/主编徐新亚.-上海:同济大学出版社,2015.01 |
| 201页;23cm.-(面向21世纪普通高等教育规划教材及学习指导) |
| ISBN 978-7-5608-5752-7:CNY32.00 |
| 本书共分7章, 包括点集、可测集合、可测函数、Lebesgue积分、微分与不定积分等, 每一章由四个部分组成: 内容小结、要点分析、例题选讲、习题解答。 |
| ● |
| 相关链接 |
|
|
|
正题名:实变函数论专题梳理与解读
索取号:O174.1/X8201
 
预约/预借
| 序号 | 登录号 | 条形码 | 馆藏地/架位号 | 状态 | 备注 |
| 1 | 1160768 | 211607689 | 自科库401/401自科库 44排5列2层/ [索取号:O174.1/X8201] | 在馆 | |
| 2 | 1160769 | 211607698 | 自科库401/401自科库 44排5列2层/ [索取号:O174.1/X8201] | 在馆 | |
| 3 | 1160770 | 211607705 | 自科库401/401自科库 44排5列2层/ [索取号:O174.1/X8201] | 在馆 |